[Event "Canada vs. Argentina"]
[Site "CCCA"]
[Date "2020.02.01"]
[Round "1"]
[White "Vieites, Carlos"]
[Black "Barclay, Alex"]
[Result "1/2-1/2"]
[WhiteElo "2362"]
[BlackElo "2342"]
[EventDate "2020.02.01"]
[Board "2"]
[WhiteTeam "Argentina"]
[BlackTeam "Canada"]

1.e4 e6 2.d4 d5 3.Nc3 Nf6 4.Bg5 dxe4 5.Nxe4 Be7 6.Nxf6+ Bxf6 7.Bxf6 Qxf6 
8.c3 Nd7 9.Bd3 e5 10.Ne2 O-O 11.Bc2 exd4 12.Qxd4 Qxd4 13.Nxd4 Re8+ 14.Kd2 
Ne5 15.Rad1 c5 16.Nb5 Bg4 17.Rde1 Bf3 18.Rxe5 Rxe5 19.gxf3 Rd8+ 20.Kc1 Re2
21.Nxa7 Rdd2 22.Bb3 h5 23.h4 Rxf2 24.Nb5 Kf8 25.Na3 Rh2 26.Re1 Rd8 27.Nc4 
b5 28.Ne5 c4 29.Bd1 Rdd2 30.a4 Rxb2 31.axb5 Rxb5 32.Nxc4 Rxh4 33.Ba4 Rb8 
34.Ne5 Ra8 35.Bb3 Rh2 36.Nd7+ Kg8 37.Kb1 h4 38.Re7 Kh7 39.Bxf7 h3 40.f4 
Rh1+ 41.Kc2 Rd8 42.c4 h2 43.Bd5 Rf1 44.c5 h1=Q 45.Bxh1 Rxh1 46.c6 Rh6 47.
Ne5 Rf6 48.c7 Rc8 49.Kd3 Rxf4 50.Nd7 Rxc7 51.Nf6+ 1/2-1/2

[Event "Canada vs. Argentina"]
[Site "CCCA"]
[Date "2020.02.01"]
[Round "1"]
[White "Barclay, Alex"]
[Black "Vieites, Carlos"]
[Result "1/2-1/2"]
[WhiteElo "2342"]
[BlackElo "2362"]
[EventDate "2020.02.01"]
[Board "2"]
[WhiteTeam "Canada"]
[BlackTeam "Argentina"]

1.Nf3 Nf6 2.d4 d5 3.c4 e6 4.g3 Be7 5.Bg2 O-O 6.O-O c6 7.b3 b6 8.Bb2 Nbd7 
9.Qc2 Bb7 10.Rd1 Rc8 11.Nc3 Qc7 12.e3 h6 13.Qe2 Qb8 14.Rac1 Rfd8 15.Ne1 
Qa8 16.h4 Re8 17.Rc2 a5 18.Qf3 c5 19.dxc5 Rxc5 20.cxd5 Nxd5 21.Nxd5 Bxd5 
22.Qg4 Nf6 23.Bxf6 Bxf6 24.Rxc5 bxc5 25.Rc1 Bxg2 26.Nxg2 Rd8 27.Rxc5 Rd2 
28.Ne1 Rxa2 29.Qc4 Kh7 30.Rc8 Qd5 31.Qxd5 exd5 32.Nf3 Kg6 33.Kg2 Kf5 34.
Rc6 Rb2 35.Rc5 Ke6 36.Rxa5 Rxb3 37.Ra4 Rc3 38.h5 Rc4 39.Ra6+ 1/2-1/2

[Event "Canada vs. Argentina"]
[Site "CCCA"]
[Date "2020.02.01"]
[Round "1"]
[White "Deforel, Jorge Eduardo"]
[Black "Egan, Michael"]
[Result "1/2-1/2"]
[WhiteElo "2265"]
[BlackElo "2227"]
[EventDate "2020.02.01"]
[Board "6"]
[WhiteTeam "Argentina"]
[BlackTeam "Canada"]

1.d4 d5 2.Nf3 Nf6 3.c4 e6 4.Nc3 Bb4 5.Bg5 Nbd7 6.cxd5 exd5 7.Qc2 c5 8.dxc5
h6 9.Bd2 O-O 10.e3 Bxc5 11.Bd3 a6 12.O-O Bd6 13.Rac1 Nc5 14.Rfd1 Re8 15.
Bf5 Bxf5 16.Qxf5 Nce4 17.Nxe4 dxe4 18.Bb4 Re6 19.Bxd6 Rxd6 20.Nd4 Qe7 21.
h3 Rad8 22.Qc5 R8d7 23.a3 g6 24.Qc2 Nh5 1/2-1/2

[Event "Canada vs. Argentina"]
[Site "CCCA"]
[Date "2020.02.01"]
[Round "1"]
[White "Egan, Michael"]
[Black "Deforel, Jorge Eduardo"]
[Result "1/2-1/2"]
[WhiteElo "2227"]
[BlackElo "2265"]
[EventDate "2020.02.01"]
[Board "6"]
[WhiteTeam "Canada"]
[BlackTeam "Argentina"]

1.Nf3 d5 2.b3 Bg4 3.Ne5 Bf5 4.d4 Nd7 5.e3 Nxe5 6.dxe5 e6 7.Bb2 Ne7 8.Nd2 
Nc6 9.Bb5 Qd7 10.Nf3 Be4 11.O-O Be7 12.Bd3 O-O-O 13.Qe2 f6 14.Bxe4 dxe4 
15.Nd4 Nxe5 16.Rad1 Nc6 17.Qg4 Nxd4 18.Rxd4 Bd6 19.Qxe4 e5 20.Rd5 c6 21.
Rd2 1/2-1/2

[Event "Canada vs. Argentina"]
[Site "CCCA"]
[Date "2020.02.01"]
[Round "1"]
[White "Ortiz, Jorge Alberto"]
[Black "Prystenski, Arthur"]
[Result "1/2-1/2"]
[WhiteElo "2062"]
[BlackElo "2114"]
[EventDate "2020.02.01"]
[Board "13"]
[WhiteTeam "Argentina"]
[BlackTeam "Canada"]

1.Nf3 d5 2.e4 dxe4 3.Ng5 e5 4.Nxe4 f5 5.Ng3 Be6 6.Qf3 e4 7.Qe2 Qd7 8.d3 
exd3 9.Qxd3 Nc6 10.Qxd7+ Bxd7 11.Bc4 O-O-O 12.O-O Nf6 13.Nc3 h6 14.Bd2 Bd6
15.Rad1 Rhe8 16.Bd3 Bxg3 17.hxg3 Nb4 18.Be3 Be6 19.Bb5 c6 20.Be2 b6 21.Bf4
Rxd1 22.Rxd1 Kb7 23.a3 Nxc2 24.Be5 Bc8 25.Bxf6 gxf6 26.Rd2 Na1 27.Rd6 Re6 
28.Rd1 Nc2 1/2-1/2

[Event "Canada vs. Argentina"]
[Site "CCCA"]
[Date "2020.02.01"]
[Round "1"]
[White "Prystenski, Arthur"]
[Black "Ortiz, Jorge Alberto"]
[Result "1/2-1/2"]
[WhiteElo "2114"]
[BlackElo "2062"]
[EventDate "2020.02.01"]
[Board "13"]
[WhiteTeam "Canada"]
[BlackTeam "Argentina"]

1.d4 e6 2.c4 f5 3.Nf3 Nf6 4.g3 Bb4+ 5.Bd2 Qe7 6.Bg2 Bxd2+ 7.Qxd2 Nc6 8.O-O
O-O 9.Nc3 d6 10.d5 Ne5 11.b3 Nxf3+ 12.exf3 e5 13.f4 Bd7 14.Rae1 Rfe8 15.
fxe5 dxe5 16.d6 Qxd6 17.Qxd6 cxd6 18.Bxb7 Rab8 19.Bg2 Kf7 20.Rd1 Rb6 21.
Rd2 Rc8 22.Rfd1 Ke6 23.h3 Ke7 24.f4 e4 25.g4 fxg4 26.hxg4 Bxg4 27.Re1 Bf5 
28.Bxe4 Nxe4 29.Nxe4 Bxe4 30.Rxe4+ Kf7 31.Red4 Ke6 32.Kf2 a5 33.Re2+ 
1/2-1/2

[Event "Canada vs. Argentina"]
[Site "CCCA"]
[Date "2020.02.01"]
[Round "1"]
[White "Giménez, Juan"]
[Black "Selby, Robin"]
[Result "1-0"]
[WhiteElo "1524"]
[BlackElo "1250"]
[EventDate "2020.02.01"]
[Board "20"]
[WhiteTeam "Argentina"]
[BlackTeam "Canada"]

1.Nf3 d5 2.d4 Nc6 3.Nbd2 Nf6 4.c4 e6 5.a3 b6 6.g3 Be7 7.Bg2 O-O 8.O-O h6 
9.Qc2 g5 10.e4 Kh8 11.cxd5 exd5 12.Qxc6 Bd7 13.Qc2 a6 14.b4 Rg8 15.Ne5 Bb5
16.Re1 Qd6 17.Bb2 Rg7 18.Bh3 g4 19.Bg2 Rag8 20.exd5 h5 21.Qf5 Rg5 22.Nxf7+
Kg7 23.Nxd6 Rxf5 24.Nxf5+ Kf7 25.Nh6+ Kf8 26.Nxg8 Nxg8 27.Rxe7 Nxe7 28.Rc1
Kf7 29.Rxc7 Kf6 30.Rxe7 Kxe7 31.Ne4 Bc4 32.Nd2 Bd3 33.Ne4 Bc4 34.d6+ Kd7 
35.Nf6+ Kxd6 36.Nxh5 Ke6 37.d5+ Bxd5 38.Bxd5+ Kxd5 39.Nf6+ Ke6 40.Nxg4 1-0

[Event "Canada vs. Argentina"]
[Site "CCCA"]
[Date "2020.02.01"]
[Round "1"]
[White "Selby, Robin"]
[Black "Giménez, Juan"]
[Result "1-0"]
[WhiteElo "1250"]
[BlackElo "1524"]
[EventDate "2020.02.01"]
[Board "20"]
[WhiteTeam "Canada"]
[BlackTeam "Argentina"]

1.d4 f5 2.Nc3 d5 3.e3 Be6 4.Bb5+ c6 5.Bd3 Nd7 6.Nf3 Ngf6 7.O-O Ne4 8.Ne5 
Nxc3 9.bxc3 Nf6 10.Rb1 Rb8 11.Re1 Bc8 12.c4 Qc7 13.cxd5 Nxd5 14.Bc4 g6 15.
e4 Nf6 16.Bf7+ Kd8 17.Bc4 e6 18.d5 Qxe5 19.Bb2 1-0

[Event "Canada vs. Argentina"]
[Site "CCCA"]
[Date "2020.02.01"]
[Round "1"]
[White "Leal, Domingo Daniel"]
[Black "Egan, Michael"]
[Result "1-0"]
[WhiteElo "2253"]
[BlackElo "2227"]
[EventDate "2020.02.01"]
[Board "7"]
[WhiteTeam "Argentina"]
[BlackTeam "Canada"]

1.Nf3 Nf6 2.d4 d5 3.c4 e6 4.Nc3 Bb4 5.cxd5 exd5 6.Bg5 Nbd7 7.Qc2 c5 8.dxc5
h6 9.Bd2 O-O 10.e3 Bxc5 11.Be2 a6 12.O-O b5 13.Rfd1 Bb7 14.a3 Bd6 15.Rac1 
Re8 16.Be1 Rc8 17.Qb1 Nc5 18.b4 Ne6 19.a4 bxa4 20.Nxa4 Rxc1 21.Qxc1 Qe7 
22.Qb2 Rc8 23.Nc5 Nxc5 24.bxc5 Rxc5 25.Ra1 Ne4 26.Bxa6 Qc7 27.Qxb7 1-0

[Event "Canada vs. Argentina"]
[Site "CCCA"]
[Date "2020.02.01"]
[Round "1"]
[White "Egan, Michael"]
[Black "Leal, Domingo Daniel"]
[Result "1/2-1/2"]
[WhiteElo "2227"]
[BlackElo "2253"]
[EventDate "2020.02.01"]
[Board "7"]
[WhiteTeam "Canada"]
[BlackTeam "Argentina"]

1.e3 g6 2.Nf3 Bg7 3.c4 d6 4.Nc3 e5 5.Be2 f5 6.d4 e4 7.Nd2 Nf6 8.b4 O-O 9.
a4 Be6 10.Ba3 a6 11.O-O Nbd7 12.b5 Re8 13.h3 a5 14.Qc2 Bf7 15.Rfd1 b6 16.
Rac1 Rc8 17.Bf1 g5 18.Ne2 f4 19.Re1 Bh6 20.exf4 gxf4 21.Nc3 f3 22.Ncxe4 
fxg2 23.Bxg2 Bg6 24.Rcd1 Nh5 25.Qb3 Nf4 26.Bf1 Nh5 27.Bg2 1/2-1/2

[Event "Canada vs. Argentina"]
[Site "CCCA"]
[Date "2020.02.01"]
[Round "1"]
[White "Colombo Berra, Fernando"]
[Black "Green, Peter"]
[Result "1/2-1/2"]
[WhiteElo "2226"]
[BlackElo "2217"]
[EventDate "2020.02.01"]
[Board "8"]
[WhiteTeam "Argentina"]
[BlackTeam "Canada"]

1.e4 e5 2.Nf3 Nc6 3.Bb5 f5 4.d3 fxe4 5.dxe4 Nf6 6.O-O d6 7.Nc3 Be7 8.Bc4 
Na5 9.Bb5+ Nc6 10.h3 O-O 11.Bc4+ Kh8 12.Ng5 Qe8 13.Ne6 Bxe6 14.Bxe6 Nd4 
15.Bc4 b5 16.Bd3 c6 17.Ne2 Ne6 18.Ng3 d5 19.Qe1 Bd6 20.Bd2 Nc5 21.b4 Na4 
22.Rb1 Bc7 23.c3 Rd8 24.Qe2 Nb6 25.Rbe1 a6 26.Be3 Qe6 27.Qc2 Na4 28.Qb3 
Rfe8 29.Bg5 h6 30.Bxf6 Qxf6 31.Re3 Rf8 32.Rf3 Qe6 33.Nf5 Rf6 34.Re1 Bb6 
35.Bc2 Rdf8 36.exd5 cxd5 37.Nd4 Qd6 38.Nf5 Qe6 39.Nd4 1/2-1/2

[Event "Canada vs. Argentina"]
[Site "CCCA"]
[Date "2020.02.01"]
[Round "1"]
[White "Green, Peter"]
[Black "Colombo Berra, Fernando"]
[Result "1-0"]
[WhiteElo "2217"]
[BlackElo "2226"]
[EventDate "2020.02.01"]
[Board "8"]
[WhiteTeam "Canada"]
[BlackTeam "Argentina"]

1.e4 e5 2.Nf3 Nc6 3.Bb5 f5 4.Nc3 fxe4 5.Nxe4 d5 6.Ng3 Bg4 7.h3 Bxf3 8.Qxf3
Qd6 9.O-O O-O-O 10.c3 e4 11.Qf5+ Kb8 12.d4 Nce7 13.Qf4 Qb6 14.a4 Ng6 15.
Qe3 Bd6 16.c4 Bxg3 17.Qxg3 N8e7 18.Rd1 dxc4 19.Be3 Nf5 20.Qg4 Rhf8 21.Bxc4
Nxe3 22.fxe3 Qxb2 23.Rdb1 Qf2+ 24.Kh1 Qf5 25.Qd1 Nh4 26.Qb3 b6 27.a5 Rf6 
28.Qa2 Qd7 29.Rb3 Rg6 30.Bb5 Qe7 31.Rb2 Rf6 32.Rc2 Nf5 33.Rac1 Nd6 34.axb6
cxb6 35.Ba6 Qf7 36.Qa3 Qd7 37.Rc6 Rdf8 38.Qa4 R6f7 39.Kg1 h5 40.Qc2 Nb7 
41.g4 Qe8 42.Qh2+ Ka8 43.Rc7 Rxc7 44.Rxc7 Na5 45.Qd6 Qd8 46.Qe5 Re8 47.
Qxg7 1-0

[Event "Canada vs. Argentina"]
[Site "CCCA"]
[Date "2020.02.01"]
[Round "1"]
[White "Micheloud, Luis Alberto"]
[Black "Sereni, Vincent T."]
[Result "0-1"]
[WhiteElo "1910"]
[BlackElo "1902"]
[EventDate "2020.02.01"]
[Board "15"]
[WhiteTeam "Argentina"]
[BlackTeam "Canada"]

1.e4 e5 2.Nf3 Nc6 3.Bb5 a6 4.Ba4 Nf6 5.Nc3 b5 6.Bb3 Bc5 7.O-O O-O 8.d3 h6 
9.Be3 Bxe3 10.fxe3 d6 11.a4 b4 12.Ne2 Na5 13.Ba2 Rb8 14.Nd2 Ng4 15.Rf3 Qg5
16.Nf1 Nf6 17.Qd2 Bg4 18.Rf2 h5 19.Nfg3 h4 20.Nf1 h3 21.Re1 Bd7 22.Neg3 
hxg2 23.Rxg2 Bh3 24.Rf2 c5 25.Bd5 Nxd5 26.exd5 f5 27.Kh1 c4 28.dxc4 Nxc4 
29.Qd3 Nxb2 30.Qb3 f4 31.exf4 Rxf4 32.Rxf4 exf4 33.Qxb2 fxg3 34.Nxg3 Qd2 
0-1

[Event "Canada vs. Argentina"]
[Site "CCCA"]
[Date "2020.02.01"]
[Round "1"]
[White "Sereni, Vincent T."]
[Black "Micheloud, Luis Alberto"]
[Result "1-0"]
[WhiteElo "1902"]
[BlackElo "1910"]
[EventDate "2020.02.01"]
[Board "15"]
[WhiteTeam "Canada"]
[BlackTeam "Argentina"]

1.e4 e5 2.Nf3 Nc6 3.Bc4 Nf6 4.Ng5 d5 5.exd5 Na5 6.Bb5+ Bd7 7.Qe2 Be7 8.Nc3
Bxb5 9.Qxb5+ c6 10.dxc6 bxc6 11.Qxe5 O-O 12.Qf5 g6 13.Qh3 h5 14.O-O Nc4 
15.Ne6 1-0

[Event "Canada vs. Argentina"]
[Site "CCCA"]
[Date "2020.02.01"]
[Round "1"]
[White "Battaglia, Horacio"]
[Black "Bourgoin, Claude"]
[Result "1/2-1/2"]
[WhiteElo "1759"]
[BlackElo "1824"]
[EventDate "2020.02.01"]
[Board "17"]
[WhiteTeam "Argentina"]
[BlackTeam "Canada"]

1.d4 Nf6 2.c4 e6 3.g3 d5 4.Bg2 Be7 5.Nf3 O-O 6.cxd5 exd5 7.Nc3 Nc6 8.O-O 
Bf5 9.e3 Qd6 10.a3 a5 11.Nh4 Be6 12.Bd2 Qd7 13.Qc2 Ra6 14.Nf3 Bf5 15.Qc1 
h6 16.Ne5 Qe6 17.f4 Re8 18.Re1 Rd8 19.Qd1 Nxe5 20.fxe5 Nh7 21.Ne2 Be4 22.
Nf4 Qb6 23.Bc3 Ng5 24.Rf1 Qc6 25.Rc1 Qd7 26.Nd3 c6 27.Qe2 Bxg2 28.Kxg2 
Qh3+ 29.Kg1 Rf8 30.Nf2 Qd7 31.Kg2 c5 32.h4 Ne6 33.dxc5 Bxc5 34.Rfd1 Rd8 
35.Qf3 a4 36.Rd3 Nc7 37.Rcd1 Qb5 38.Nh3 Qc4 39.Nf4 Rc6 40.Nxd5 Nxd5 41.
Rxd5 Rxd5 42.Rxd5 Be7 43.Rd4 Qa2 44.Kg1 Qb1+ 45.Kf2 Qc2+ 46.Kg1 Qb1+ 47.
Kh2 Qc2+ 48.Kg1 Qb1+ 1/2-1/2

[Event "Canada vs. Argentina"]
[Site "CCCA"]
[Date "2020.02.01"]
[Round "1"]
[White "Bourgoin, Claude"]
[Black "Battaglia, Horacio"]
[Result "1/2-1/2"]
[WhiteElo "1824"]
[BlackElo "1759"]
[EventDate "2020.02.01"]
[Board "17"]
[WhiteTeam "Canada"]
[BlackTeam "Argentina"]

1.e4 d5 2.exd5 Qxd5 3.Nc3 Qd6 4.d4 c6 5.Nf3 Bg4 6.Be2 Nf6 7.O-O e6 8.h3 
Bh5 9.Ne5 Bxe2 10.Nxe2 Qc7 11.Nc4 Be7 12.Bf4 Qd8 13.Qd3 Kf8 14.Qb3 Qd7 15.
a4 Na6 16.Ne5 Qc8 17.c4 Nb4 18.a5 h6 19.Bg3 Nd7 20.Ra4 Nxe5 21.Bxe5 Na6 
22.Nf4 Qd7 23.Qg3 Rg8 24.c5 Rc8 25.Ra3 Nc7 26.Rf3 Nd5 27.Ng6+ Ke8 28.Nxe7 
Nxe7 29.Re1 f6 30.Bd6 Kf7 31.Bxe7 Qxe7 32.Qg4 g6 33.Rfe3 Rge8 34.Rg3 Rg8 
35.Qf4 Qd7 36.Rf3 f5 37.h4 Rce8 38.Rd3 g5 39.Qd2 gxh4 40.Qxh6 Qd5 41.f3 
Rg6 42.Qh7+ Rg7 43.Qxh4 Reg8 44.Re2 Qc4 45.Rdd2 Qc1+ 46.Kh2 Rg6 47.b4 a6 
1/2-1/2

[Event "Canada vs. Argentina"]
[Site "CCCA"]
[Date "2020.02.01"]
[Round "1"]
[White "Zárate, Juan Carlos"]
[Black "Boulanger, Michel"]
[Result "1/2-1/2"]
[WhiteElo "2302"]
[BlackElo "2318"]
[EventDate "2020.02.01"]
[Board "4"]
[WhiteTeam "Argentina"]
[BlackTeam "Canada"]

1.e4 c5 2.Nf3 d6 3.d4 cxd4 4.Nxd4 Nf6 5.Nc3 a6 6.Bg5 e6 7.f4 Qb6 8.Qd2 
Qxb2 9.Rb1 Qa3 10.e5 h6 11.Bh4 dxe5 12.fxe5 g5 13.exf6 gxh4 14.Be2 Qa5 15.
O-O Nd7 16.Kh1 Qg5 17.Rf4 e5 18.Nd5 exd4 19.Bf3 Bc5 20.Nc7+ Kf8 21.Nxa8 
Rg8 22.Nc7 h3 23.g3 Nxf6 24.Qd3 Qe5 25.Bxb7 Kg7 26.Nxa6 Bxb7+ 27.Rxb7 Bd6 
28.Rb5 Qe3 29.Rf3 Qxd3 30.Rxd3 Re8 31.Rb1 Re2 32.Rxd4 Ne4 33.a4 h5 34.Rxd6
Nxd6 35.Nb4 Nf5 36.Nd3 Rxc2 37.Ra1 Nd4 38.Ne1 Re2 39.Rd1 Nf5 40.Ra1 Nd4 
41.Rd1 Nf5 42.Ra1 Nd4 43.Rd1 1/2-1/2

[Event "Canada vs. Argentina"]
[Site "CCCA"]
[Date "2020.02.01"]
[Round "1"]
[White "Boulanger, Michel"]
[Black "Zárate, Juan Carlos"]
[Result "1-0"]
[WhiteElo "2318"]
[BlackElo "2302"]
[EventDate "2020.02.01"]
[Board "4"]
[WhiteTeam "Canada"]
[BlackTeam "Argentina"]

1.e4 c5 2.Nf3 d6 3.d4 cxd4 4.Nxd4 Nf6 5.Nc3 a6 6.Be3 e5 7.Nb3 Be7 8.Be2 
Be6 9.Nd5 Nxd5 10.exd5 Bf5 11.Qd2 a5 12.a4 Nd7 13.Bb5 O-O 14.O-O Nc5 15.
Bxc5 dxc5 16.Rad1 Bd6 17.Qc3 Qc7 18.Nd2 Bg6 19.Nc4 h6 20.f3 f6 21.Rde1 
Rad8 22.Re2 b6 23.Bc6 Bf7 24.Qb3 Rb8 25.Rfe1 Rfc8 26.h4 Rf8 27.Qd3 Rbd8 
28.Qf5 Kh8 29.f4 exf4 30.Nxd6 Qxd6 31.c4 g6 32.Qh3 Rc8 33.h5 g5 34.Re7 Rc7
35.Bd7 f3 36.R1e4 Kg8 37.Rxf7 Rxf7 38.Be6 Kf8 39.Bxf7 Kxf7 40.Qf5 Re7 41.
Qg6+ Kf8 42.Qxh6+ Kg8 43.Qg6+ Kf8 44.Rxe7 Qxe7 45.gxf3 Qe3+ 46.Kg2 Qe2+ 
47.Kg3 Qe5+ 48.Kh3 Qf4 49.Qe4 g4+ 50.Kg2 gxf3+ 51.Qxf3 Qe5 52.Kh3 Kf7 53.
Qg4 Kf8 54.Qc8+ Kg7 55.Qd7+ Kf8 56.Qg4 Qe3+ 57.Qg3 Qe4 58.h6 Qh1+ 59.Kg4 
Qxh6 60.Kf5 Qh5+ 61.Kxf6 Qf7+ 62.Kg5 Qe7+ 63.Kf5 Qd7+ 64.Ke4 Qh7+ 65.Ke3 
Qb1 66.Qf3+ Kg7 67.Qg4+ Kf8 68.Kf4 Qxb2 69.Kf5 Ke7 70.Qe4+ Kd7 71.Qe6+ Kd8
72.d6 Qf2+ 73.Kg6 Qg2+ 74.Kf7 Qf3+ 75.Qf6+ 1-0

[Event "Canada vs. Argentina"]
[Site "CCCA"]
[Date "2020.02.01"]
[Round "1"]
[White "Caglia, Gaston"]
[Black "McLeod, Sylvanus"]
[Result "1/2-1/2"]
[WhiteElo "2092"]
[BlackElo "2138"]
[EventDate "2020.02.01"]
[Board "11"]
[WhiteTeam "Argentina"]
[BlackTeam "Canada"]

1.c4 e5 2.Nc3 Nf6 3.g3 d5 4.cxd5 Nxd5 5.Bg2 Nb6 6.Nf3 Nc6 7.O-O Be7 8.d3 
O-O 9.Be3 Be6 10.Rc1 f5 11.a3 a6 12.b4 Kh8 13.Bc5 Qe8 14.Rb1 Nd5 15.Qc2 
Rd8 16.Bxe7 Qxe7 17.Na4 Nd4 18.Qb2 Bg8 19.Rbc1 f4 20.Nc5 c6 21.Nxd4 exd4 
22.Bf3 Nf6 23.Qd2 fxg3 24.hxg3 h6 25.a4 Nd5 26.a5 Rd6 27.Qb2 Nc3 28.Rce1 
Rg6 29.Ne4 Qe5 30.Bg2 Bd5 31.Qc2 Qb8 32.e3 Nb5 33.Qc5 Rf5 34.Qc2 Rf8 35.
Qc5 1/2-1/2

[Event "Canada vs. Argentina"]
[Site "CCCA"]
[Date "2020.02.01"]
[Round "1"]
[White "McLeod, Sylvanus"]
[Black "Caglia, Gaston"]
[Result "1-0"]
[WhiteElo "2138"]
[BlackElo "2092"]
[EventDate "2020.02.01"]
[Board "11"]
[WhiteTeam "Canada"]
[BlackTeam "Argentina"]

1.d4 Nf6 2.Bf4 d5 3.e3 c5 4.Nd2 e6 5.Ngf3 Bd6 6.Bg3 O-O 7.c3 Nc6 8.Bd3 b6 
9.Ne5 Bb7 10.f4 Ne7 11.Qf3 Nf5 12.Bf2 Be7 13.g4 Nd6 14.g5 Nfe4 15.Rg1 cxd4
16.exd4 Rc8 17.Qe2 b5 18.Nb3 Rc7 19.Nc5 a5 20.Rd1 Qc8 21.Bxb5 Nxf2 22.Kxf2
Rxc5 23.Bd3 Rc7 24.Bxh7+ Kxh7 25.Qh5+ Kg8 26.Rd3 Ne4+ 27.Ke1 Rxc3 28.bxc3 
Bb4 29.g6 fxg6 30.Qxg6 Bxc3+ 31.Ke2 Qc7 32.Qxe6+ Rf7 33.Rh3 1-0

[Event "Canada vs. Argentina"]
[Site "CCCA"]
[Date "2020.02.01"]
[Round "1"]
[White "Frágola, Horacio Amílcar Enrique"]
[Black "Moisan, Marc"]
[Result "0-1"]
[WhiteElo "1724"]
[BlackElo "1643"]
[EventDate "2020.02.01"]
[Board "19"]
[WhiteTeam "Argentina"]
[BlackTeam "Canada"]

1.e4 e5 2.d4 exd4 3.c3 d5 4.exd5 Nf6 5.Bb5+ Bd7 6.Bxd7+ Nbxd7 7.Nf3 Qe7+ 
8.Kf1 dxc3 9.Nxc3 O-O-O 10.Be3 Qb4 11.Qe2 Bc5 12.a3 Qa5 13.Bxc5 Qxc5 14.g3
Nxd5 15.Qb5 Nxc3 16.Qxc5 Nxc5 17.bxc3 Ne4 18.c4 Rhe8 19.Kg2 Nd2 20.Rac1 
Nxf3 21.Kxf3 Rd3+ 22.Kg2 Rxa3 23.Rhd1 Ra2 24.Ra1 Ree2 25.Rxa2 Rxa2 26.Kf3 
Rc2 27.Re1 Kd7 28.Rd1+ Kc6 29.Re1 a5 0-1

[Event "Canada vs. Argentina"]
[Site "CCCA"]
[Date "2020.02.01"]
[Round "1"]
[White "Moisan, Marc"]
[Black "Frágola, Horacio Amílcar Enrique"]
[Result "1-0"]
[WhiteElo "1643"]
[BlackElo "1724"]
[EventDate "2020.02.01"]
[Board "19"]
[WhiteTeam "Canada"]
[BlackTeam "Argentina"]

1.e4 c5 2.Nf3 Nc6 3.Bb5 d6 4.d4 cxd4 5.Nxd4 Bd7 6.Nc3 e6 7.Nxc6 Bxc6 8.Qd3
Be7 9.Bf4 Nf6 10.O-O-O Rc8 11.Bxc6+ Rxc6 12.h4 Qa5 13.Bd2 Qa6 14.Qxa6 Rxa6
15.f3 O-O 16.Be3 Nd7 17.Kb1 Ne5 18.b3 Rc8 19.Nb5 Nd7 20.Rd2 Ne5 21.c4 Rd8 
22.h5 Ra5 23.Bxa7 Nd7 24.Be3 Ra6 25.Rhd1 Nf6 26.e5 Ne8 27.exd6 Nxd6 28.Bc5
1-0

[Event "Canada vs. Argentina"]
[Site "CCCA"]
[Date "2020.02.01"]
[Round "1"]
[White "Souto, Esteban"]
[Black "Sharpe, Sam"]
[Result "1/2-1/2"]
[WhiteElo "2392"]
[BlackElo "2401"]
[EventDate "2020.02.01"]
[Board "1"]
[WhiteTeam "Argentina"]
[BlackTeam "Canada"]

1.d4 d5 2.c4 c6 3.Nf3 Nf6 4.e3 e6 5.b3 Nbd7 6.Bb2 Bd6 7.Nbd2 O-O 8.Bd3 b6 
9.O-O Bb7 10.Qe2 Re8 11.Ne5 c5 12.cxd5 exd5 13.Ndf3 Rc8 14.Rac1 Nf8 15.
Rfd1 cxd4 16.Bxd4 Rxc1 17.Rxc1 Ne6 18.Bb2 d4 19.Bb5 dxe3 20.Qxe3 Nd5 21.
Qd2 Rf8 22.Bc4 Nec7 23.g3 f6 24.Ng4 Kh8 25.Nh4 Qd7 26.h3 Bb4 27.Qc2 Qc6 
28.Qe4 Re8 29.Qf3 Bd2 30.Bxd5 Qxd5 31.Rxc7 Qxf3 32.Nxf3 Bxf3 33.Ne3 h5 
1/2-1/2

[Event "Canada vs. Argentina"]
[Site "CCCA"]
[Date "2020.02.01"]
[Round "1"]
[White "Sharpe, Sam"]
[Black "Souto, Esteban"]
[Result "1-0"]
[WhiteElo "2401"]
[BlackElo "2392"]
[EventDate "2020.02.01"]
[Board "1"]
[WhiteTeam "Canada"]
[BlackTeam "Argentina"]

1.d4 Nf6 2.c4 e6 3.Nc3 Bb4 4.f3 O-O 5.a3 Bxc3+ 6.bxc3 d6 7.e4 c5 8.Bd3 Nc6
9.Ne2 b6 10.O-O Nd7 11.f4 Re8 12.Be3 Ba6 13.f5 Na5 14.f6 Nxc4 15.Bxc4 Bxc4
16.Rf3 gxf6 17.Rh3 Kf8 18.dxc5 dxc5 19.Qd6+ Kg8 20.Qg3+ Kf8 21.Rd1 e5 22.
Qf2 Bxe2 23.Qxe2 Ke7 24.Bf2 Qc7 25.Rhd3 Rad8 26.Bh4 c4 27.Rd5 Nc5 28.Qf3 
Qc6 29.Rxe5+ Kf8 30.Red5 Rxd5 31.exd5 Qd6 32.Bxf6 Ne4 33.Bd4 Qg6 34.a4 Kg8
35.Re1 Nd6 36.Rxe8+ Nxe8 37.h3 Kf8 38.Qe2 Qb1+ 39.Kh2 Qd3 40.Qe5 Qg6 41.a5
Qd6 42.axb6 axb6 43.Kg3 Qxe5+ 44.Bxe5 Ke7 45.Kf4 f6 46.Bb8 Nd6 47.Bxd6+ 
Kxd6 48.Ke4 f5+ 49.Kd4 b5 50.h4 h6 51.h5 f4 52.Ke4 Kc5 53.Ke5 b4 54.cxb4+ 
Kxb4 55.d6 c3 56.d7 c2 57.d8=Q c1=Q 58.Qd4+ Kb3 59.Qd5+ Kb2 60.Kf5 Qe3 61.
Qe5+ Kb1 62.Qxf4 1-0

[Event "Canada vs. Argentina"]
[Site "CCCA"]
[Date "2020.02.01"]
[Round "1"]
[White "Roldán, Carlos Daniel"]
[Black "Fortin, Michel"]
[Result "0-1"]
[WhiteElo "1787"]
[BlackElo "1750"]
[EventDate "2020.02.01"]
[Board "16"]
[WhiteTeam "Argentina"]
[BlackTeam "Canada"]

1.d4 d6 2.c4 Nf6 3.Nc3 Nbd7 4.e4 e5 5.d5 Nc5 6.f3 a5 7.Bd3 Be7 8.Nge2 O-O 
9.Be3 Nfd7 10.Bc2 Bg5 11.Bf2 Nb6 12.b3 Bd7 13.O-O Qe7 14.g4 h5 15.h3 g6 
16.Kg2 Kg7 17.a3 Rh8 18.b4 axb4 19.axb4 Rxa1 20.Qxa1 hxg4 21.hxg4 Na6 22.
b5 Nc5 23.Bxc5 dxc5 24.Bd3 Be3 25.Rh1 Ra8 26.Qe1 Ra3 27.Rh3 Qf6 28.Rh2 Qg5
29.Qh1 Bxg4 30.fxg4 Qxg4+ 31.Kf1 Nxc4 32.Rh8 Nd2+ 0-1

[Event "Canada vs. Argentina"]
[Site "CCCA"]
[Date "2020.02.01"]
[Round "1"]
[White "Fortin, Michel"]
[Black "Roldán, Carlos Daniel"]
[Result "1-0"]
[WhiteElo "1750"]
[BlackElo "1787"]
[EventDate "2020.02.01"]
[Board "16"]
[WhiteTeam "Canada"]
[BlackTeam "Argentina"]

1.Nf3 e6 2.b3 Nf6 3.Bb2 Be7 4.e3 c5 5.c4 b6 6.g3 Bb7 7.Bg2 Nc6 8.Nc3 O-O 
9.O-O d5 10.cxd5 Nxd5 11.Nxd5 Qxd5 12.d4 Rac8 13.Ne5 Qd8 14.dxc5 Bxc5 15.
Nd7 Re8 16.Qg4 e5 17.Rfd1 Qe7 18.Nxc5 Qxc5 19.Rac1 Qf8 20.Rd7 Ba8 21.Bd5 
h5 22.Qxh5 Re7 23.Rxe7 Qxe7 24.Be4 1-0

[Event "Canada vs. Argentina"]
[Site "CCCA"]
[Date "2020.02.01"]
[Round "1"]
[White "Slavin, Pablo"]
[Black "Fortin, Michel"]
[Result "1/2-1/2"]
[WhiteElo "1726"]
[BlackElo "1750"]
[EventDate "2020.02.01"]
[Board "18"]
[WhiteTeam "Argentina"]
[BlackTeam "Canada"]

1.e4 e5 2.Nc3 Nf6 3.d4 exd4 4.Qxd4 Nc6 5.Qe3 Be7 6.Bc4 O-O 7.Bd2 Ng4 8.Qf4
d5 9.Nxd5 Bd6 10.Qf3 Nce5 11.Qe2 Nxc4 12.Qxc4 c6 13.Ne3 Qf6 14.Nf3 Qxb2 
15.O-O Ne5 16.Nxe5 Qxe5 17.f4 Qc5 18.e5 Be6 19.Qc3 Qxc3 20.Bxc3 Bc5 21.Kf2
Rad8 22.a4 Bf5 23.Rac1 h5 24.h3 Be4 25.g4 hxg4 26.hxg4 b6 27.Ke2 Rfe8 28.
Nc4 b5 29.Nd2 Bd5 30.axb5 cxb5 31.Rb1 a6 32.Ra1 Re6 33.g5 Rc8 34.Bb2 Bb7 
35.c3 Bb6 36.c4 b4 37.Rfc1 Rec6 38.Ne4 Rxc4 39.Nd6 Rxc1 40.Rxc1 Rxc1 41.
Bxc1 Bd5 42.Kd3 a5 43.Nc4 Bd8 44.Kd4 Be6 45.Nb2 Kf8 46.Kc5 Ke7 47.Kb5 Bf5 
48.Be3 Bc2 49.Nc4 Bd3 50.Kc5 b3 51.Nb2 Bc2 52.Bd2 f6 53.gxf6+ gxf6 54.
exf6+ Kxf6 55.Kb5 Kf5 56.Bxa5 Bf6 57.Na4 Kxf4 58.Kc4 b2 59.Bc7+ Kf3 60.
Nxb2 Bxb2 1/2-1/2

[Event "Canada vs. Argentina"]
[Site "CCCA"]
[Date "2020.02.01"]
[Round "1"]
[White "Fortin, Michel"]
[Black "Slavin, Pablo"]
[Result "1-0"]
[WhiteElo "1750"]
[BlackElo "1726"]
[EventDate "2020.02.01"]
[Board "18"]
[WhiteTeam "Canada"]
[BlackTeam "Argentina"]

1.c4 Nf6 2.Nc3 c5 3.g3 g6 4.Bg2 Bg7 5.Nf3 Nc6 6.O-O O-O 7.d4 cxd4 8.Nxd4 
Nxd4 9.Qxd4 d6 10.Qd3 a6 11.Bd2 Rb8 12.Rac1 Bd7 13.c5 dxc5 14.Bf4 c4 15.
Qxc4 Rc8 16.Qb3 b5 17.e4 Be6 18.Qa3 Qb6 19.Qxe7 Bc4 20.Rfe1 Rfe8 21.Qd6 
Rc6 22.Qd1 Rcc8 23.b3 Be6 24.Nd5 Rxc1 25.Qxc1 Bxd5 26.exd5 Rxe1+ 27.Qxe1 
Bf8 28.b4 Ng4 29.a3 Bd6 30.Bc1 Be5 31.Qe2 Qd4 32.Bf3 h5 33.Kg2 Nf6 34.Be3 
Qc3 35.Bd2 Qc7 36.Qe3 Qd6 37.Qc5 Kg7 38.Qxd6 Bxd6 39.Bc3 Be7 40.Be5 Kf8 
41.d6 Bd8 42.Bd4 Ke8 43.Bc6+ Nd7 44.Kf3 f6 45.Ke4 Kf7 46.Bxd7 1-0